Werenoi-Continue les paroles - Statistiques

Statistiques générales
  • Ce quiz a été pris 4 fois
  • Le résultat moyen est 9 sur 15
Statistiques - réponses
Hint Réponse % Correct
J'ai que des missions la nuit beaucoup de réseaux bah oui
100%
Que des sales histoires des frères au shtar ce qui nous tient gros c'est l'espoir
75%
Comme les gitans on ne se mélange pas on n'est pas dans les clashs on est comme la Suisse
75%
Tu dépenses beaucoup de papier pour ta meuf tu devrais faire la même chose pour ta mère
75%
Le chien grogne le chien aboie quand la caravane passe a la tess y a ceux qui font ce qu'ils disent y a ceux qui font les messes basses
50%
J'te laisse des marques pour que tu t'en souviennes c'est 30 points le prix des acouphènes
50%
T'es vrai que dans les clips t'as rien dans la slip il t'en reste sur le nez toi t'es louche t'es pas net
50%
6.35 dans sacoche à mille deux j'roule comme Hamilton
50%
J'finis après Goldorak mais j'ai déjà fait des gosses dans l'rap j'suis venu seul avant la meute je pars en meute comme les loups
50%
Malgré toutes les salopes et les traitres on a toujours remonté la pente
50%
Le vois tu c'est les ténèbres ici faut tous les rafaler petit pédé t'as mangé dans ma main tu veux me voir affamé
50%
J'suis solitaire mais pas tout seul y a les suiveurs et les faux frères qui veulent ma place qui veulent mon blé me voir a terre
50%
Un fer dans un fer j'les mets deux par deux sacoche a 20 balles deux et quand je leur visse la coc ils inhalent comme le nez a Depardieu
50%
Regarde cette vie prend un selfie une sale routine comme les Batman
50%
On a l'oseille tu sais que l'oseille c'est servir donc en faire plus
25%
Aucun quiz correspondant
Distribution des résultats
% des personnes avec chaque résultat
Percentile par nombre de réponses
Votre historique - résultats
Vous n’avez pas pris ce quiz